Statistics for Top 400 Largest Cities in the US - 2014 Census Estimates

Click here to take the quiz!

General Stats

  • This quiz has been taken 11,933 times
  • The average score is 186 of 400

Answer Stats

Answer % Correct
1NEW YORK CITY
97%
2LOS ANGELES
96%
3CHICAGO
95%
4HOUSTON
94%
9DALLAS
93%
44MIAMI
93%
5PHILADELPHIA
92%
6PHOENIX
91%
8SAN DIEGO
91%
24BOSTON
91%
13SAN FRANCISCO
91%
20SEATTLE
91%
18DETROIT
90%
143JACKSON
90%
28PORTLAND
90%
39ATLANTA
89%
21DENVER
89%
22WASHINGTON
89%
29LAS VEGAS
88%
7SAN ANTONIO
88%
11AUSTIN
87%
10SAN JOSE
87%
73ORLANDO
87%
50NEW ORLEANS
87%
12JACKSONVILLE
87%
25NASHVILLE
86%
46MINNEAPOLIS
86%
37KANSAS CITY
86%
14INDIANAPOLIS
86%
53TAMPA
85%
27OKLAHOMA CITY
85%
48CLEVELAND
85%
60ST LOUIS
85%
35SACRAMENTO
85%
17CHARLOTTE
85%
26BALTIMORE
85%
76BUFFALO
84%
15COLUMBUS
84%
23MEMPHIS
84%
62PITTSBURGH
83%
124SALT LAKE CITY
82%
31MILWAUKEE
81%
19EL PASO
80%
43RALEIGH
80%
149SPRINGFIELD
80%
96BATON ROUGE
79%
65CINCINNATI
79%
101BIRMINGHAM
79%
30LOUISVILLE
79%
99BOISE
79%
16FORT WORTH
78%
98RICHMOND
78%
55HONOLULU
78%
41OMAHA
77%
306ALBANY
77%
66ST PAUL
76%
89RENO
76%
42COLORADO SPRINGS
76%
32ALBUQUERQUE
76%
200CHARLESTON
75%
45OAKLAND
75%
105DES MOINES
75%
72LINCOLN
75%
119LITTLE ROCK
75%
83MADISON
74%
69NEWARK
74%
134PROVIDENCE
74%
64ANCHORAGE
74%
33TUCSON
74%
47TULSA
74%
152SALEM
73%
126TALLAHASSEE
73%
34FRESNO
72%
195COLUMBIA
71%
49WICHITA
71%
40VIRGINIA BEACH
71%
218HARTFORD
70%
114MONTGOMERY
70%
68TOLEDO
69%
103ROCHESTER
69%
36LONG BEACH
68%
51ARLINGTON
68%
121AUGUSTA
67%
56ANAHEIM
65%
181SAVANNAH
65%
74JERSEY CITY
65%
61LEXINGTON
65%
38MESA
64%
122MOBILE
64%
183DAYTON
64%
58CORPUS CHRISTI
64%
213TOPEKA
64%
386TRENTON
63%
79ST PETERSBURG
63%
81DURHAM
63%
129KNOXVILLE
63%
182SYRACUSE
63%
135FORT LAUDERDALE
63%
52BAKERSFIELD
62%
238LANSING
62%
123GRAND RAPIDS
62%
279GREEN BAY
61%
102SPOKANE
61%
59RIVERSIDE
61%
118AKRON
60%
84NORFOLK
60%
235FARGO
59%
54AURORA
59%
147SIOUX FALLS
59%
107TACOMA
59%
254MANCHESTER
59%
67GREENSBORO
59%
77FORT WAYNE
59%
57SANTA ANA
58%
100SAN BERNARDINO
58%
85LUBBOCK
57%
212CONCORD
56%
120AMARILLO
55%
241WILMINGTON
55%
198NEW HAVEN
55%
155EUGENE
54%
330CARSON
54%
278BOULDER
53%
141CHATTANOOGA
53%
163PASADENA
53%
199WACO
53%
82IRVINE
53%
237PROVO
52%
113YONKERS
52%
344SANTA BARBARA
52%
80LAREDO
52%
71HENDERSON
51%
166ALEXANDRIA
51%
229ANN ARBOR
51%
63STOCKTON
51%
94NORTH LAS VEGAS
51%
70PLANO
51%
87WINSTON-SALEM
50%
225ATHENS
50%
262BILLINGS
50%
297ERIE
50%
95SCOTTSDALE
50%
322ALLEN
50%
130BROWNSVILLE
50%
117SHREVEPORT
50%
371DULUTH
49%
88GLENDALE
49%
75CHULA VISTA
48%
145VANCOUVER
48%
109FAYETTEVILLE
48%
300FLINT
48%
175BRIDGEPORT
48%
331SANTA MONICA
47%
93IRVING
47%
216LAFAYETTE
47%
173HOLLYWOOD
47%
131WORCESTER
47%
148PEORIA
46%
185ORANGE
46%
203CEDAR RAPIDS
46%
159FORT COLLINS
45%
125HUNTSVILLE
45%
219SANTA CLARA
45%
142TEMPE
45%
257CAMBRIDGE
45%
226ALLENTOWN
45%
104MODESTO
44%
164MACON
44%
132NEWPORT NEWS
44%
397SIOUX CITY
43%
92CHESAPEAKE
43%
106OXNARD
42%
78CHANDLER
42%
112HUNTINGTON BEACH
42%
154LANCASTER
42%
187MCALLEN
42%
239ODESSA
41%
97FREMONT
41%
146ONTARIO
41%
139SANTA ROSA
41%
90HIALEAH
40%
133SANTA CLARITA
40%
210MIDLAND
40%
91GARLAND
40%
347GREENVILLE
40%
289DAVENPORT
40%
86GILBERT
40%
223EVANSVILLE
39%
370BLOOMINGTON
39%
295SOUTH BEND
39%
171ROCKFORD
39%
227BERKELEY
38%
312TUSCALOOSA
38%
327YUMA
38%
206GAINESVILLE
38%
356ASHEVILLE
38%
281WEST PALM BEACH
38%
267PUEBLO
38%
174JOLIET
38%
204ELIZABETH
38%
221ABILENE
37%
294LAS CRUCES
37%
189HAMPTON
37%
384OGDEN
37%
277WICHITA FALLS
36%
178NAPERVILLE
36%
160CARY
36%
191WARREN
36%
340REDDING
36%
209DENTON
36%
128OVERLAND PARK
36%
298ROANOKE
35%
179FRISCO
35%
208STAMFORD
35%
253CLEARWATER
35%
284SANTA MARIA
35%
176CLARKSVILLE
35%
338MIAMI BEACH
35%
137OCEANSIDE
35%
217KENT
35%
228NORMAN
35%
230BEAUMONT
34%
362NEWPORT BEACH
34%
190BELLEVUE
34%
177PATERSON
34%
156PALMDALE
34%
246MIAMI GARDENS
34%
169LAKEWOOD
33%
276BURBANK
33%
313PORTSMOUTH
33%
165POMONA
33%
400WARWICK
33%
357READING
33%
333LAWRENCE
32%
360FORT SMITH
32%
153CORONA
32%
323ROSWELL
32%
158SALINAS
32%
255LOWELL
32%
231INDEPENDENCE
32%
167ESCONDIDO
31%
215SURPRISE
31%
345SANDY
31%
157MCKINNEY
31%
329YAKIMA
31%
286SAN MATEO
31%
280BROKEN ARROW
31%
201THOUSAND OAKS
31%
144CAPE CORAL
31%
258VENTURA
31%
290LAKELAND
31%
186FULLERTON
31%
247WESTMINSTER
31%
282COLLEGE STATION
30%
245CARLSBAD
30%
385BEND
30%
248INGLEWOOD
30%
271NORTH CHARLESTON
30%
270NORWALK
30%
110MORENO VALLEY
30%
328QUINCY
30%
342BOCA RATON
30%
180MESQUITE
30%
304COMPTON
30%
172TORRANCE
30%
391TROY
29%
193WEST VALLEY CITY
29%
108FONTANA
29%
161HAYWARD
29%
220VICTORVILLE
29%
222MURFREESBORO
29%
274DALY CITY
29%
138RANCHO CUCAMONGA
29%
188KILLEEN
29%
354NAMPA
29%
244ROUND ROCK
29%
315DEARBORN
28%
151ELK GROVE
28%
150PEMBROKE PINES
28%
332SAN MARCOS
28%
337OREM
28%
301SAN ANGELO
28%
349CHICO
28%
140PORT ST LUCIE
28%
205ROSEVILLE
28%
196STERLING HEIGHTS
28%
272EVERETT
28%
224VALLEJO
28%
242ARVADA
28%
194OLATHE
28%
293TYLER
28%
136GARDEN GROVE
27%
250FAIRFIELD
27%
366SUFFOLK
27%
380CHINO
27%
363NASHUA
27%
353NEWTON
27%
127GRAND PRAIRIE
27%
260WATERBURY
27%
261ANTIOCH
27%
202VISALIA
27%
395EDINBURG
27%
398MISSION
27%
316BEAVERTON
27%
368CARMEL
26%
168SUNNYVALE
26%
318NEW BEDFORD
26%
275PALM BAY
26%
264RICHARDSON
26%
335LYNN
26%
381CHAMPAIGN
26%
252WEST JORDAN
26%
287LEWISVILLE
26%
389BELLINGHAM
26%
256GRESHAM
25%
339SPOKANE VALLEY
25%
251ELGIN
25%
296KENOSHA
25%
367SUGAR LAND
25%
269CENTENNIAL
25%
214SIMI VALLEY
25%
308VISTA
25%
307RENTON
25%
211CORAL SPRINGS
25%
299HILLSBORO
25%
343SUNRISE
25%
240DOWNEY
24%
358MERIDIAN
24%
376INDIO
24%
197THORNTON
24%
243COSTA MESA
24%
348SAN LEANDRO
24%
259TEMECULA
24%
263HIGH POINT
24%
292SANDY SPRINGS
24%
273POMPANO BEACH
24%
285EL CAJON
24%
320SPARKS
24%
291CLOVIS
23%
388DANBURY
23%
302DAVIE
23%
288RIALTO
23%
325RIO RANCHO
23%
319BROCKTON
23%
326FEDERAL WAY
23%
192MIRAMAR
23%
234EL MONTE
23%
305GREELEY
23%
351FALL RIVER
23%
374TRACY
22%
310LAWTON
22%
314VACAVILLE
22%
283PEARLAND
22%
383HOOVER
22%
321LEAGUE CITY
22%
309MISSION VIEJO
22%
207CARROLLTON
22%
266WEST COVINA
22%
317LIVONIA
21%
324LEE'S SUMMIT
21%
396REDWOOD CITY
21%
268MURRIETA
21%
352EDMOND
21%
382CICERO
21%
341PLANTATION
20%
393JOHNS CREEK
19%
394HEMET
19%
387O'FALLON
19%
399WESTLAND
19%
303JURUPA VALLEY
19%
377ALHAMBRA
19%
346LONGMONT
19%
369FISHERS
19%
365LIVERMORE
19%
364DELTONA
19%
334HESPERIA
19%
375KIRKLAND
18%
373CLIFTON
18%
392BUENA PARK
18%
359HAWTHORNE
18%
350WAUKEGAN
18%
372CITRUS HEIGHTS
18%
311SOUTH GATE
17%
379MENIFEE
17%
361WHITTIER
17%

Score Distribution

Percentile by Number Answered

Percent of People with Each Score

Your Score History

You have not taken this quiz